Music Quiz

Random Music Quiz

All of NBC'S The Voice Winners Quiz Stats

 Plays Quiz not verified by Sporcle

Score 0/13 Timer 04:00
0 Plays Today
Season and Winning Coach Competiton Winners % Correct
Season 3 (Team Blake)Cassadee Pope
83.8%
Season 1 (Team Adam)Javier Colon
82.8%
Season 9 (Team Adam)Jordan Smith
80.8%
Season 12 (Team Alica)Chris Blue
79.8%
Season 2 (Team Blake)Jermaine Paul
74.7%
Season 4 (Team Blake)Danielle Bradbery
74.7%
Season 11 (Team Blake)Sundance Head
74.7%
Season 10 (Team Christina Aguilera)Alisan Porter
73.7%
Season 5 (Team Adam)Tessanne Chin
70.7%
Season 13 (Team Blake)Chloe Kohanski
70.4%
Season 8 (Team Pharrell)Sawyer Fredericks
69.7%
Season 7 (Team Blake)Craig Wayne Boyd
66.7%
Season 6 (Team Usher)Josh Kaufman
65.7%

You're not logged in!

Compare scores with friends on all Sporcle quizzes.
OR
Log In

Sporcle TV

Today on Sporcle TV


Watch our educational content, quiz creation guides, and fun videos on Sporcle TV.

Show Comments

Extras

Top Quizzes Today


Score Distribution

Your Account Isn't Verified!

In order to create a playlist on Sporcle, you need to verify the email address you used during registration. Go to your Sporcle Settings to finish the process.

Report this User

Report this user for behavior that violates our Community Guidelines.

Details: